00514 2200193 4500001002100000005001500021035002000036245004700056100001500103250001000118300003900128260003600167082001000203084001600213020001600229600004600245505001100291990001800302INLIS00000000000458020231012070444 a0010-10230000401 aJejak Sejarah Sains Genetika /cTrevor Day0 aTrevor Day aCet 2 a40 hlm, :bilus ;c17,5 x 24,5 cm. aBandung; :bPakar Raya;,c2009. a575.1 a575.1 TRE j a979534285-1 aPengalih Bahasa,Ir I IndriyatiWibisono MP aIndeks a6996/P/S/2013